000 00899nam a22002777a 4500
003 CHAP
005 20220329133217.0
008 971013s1992 r 00010 d
010 _a3421
011 _a4393
035 _a3596
040 _cCHAP
082 _a633.17
_bS4
100 0 0 _aSharma, Hari C.
_9105505
245 _aTechniques to screen sorghums for resistance to insect pests
260 _aPatancheru, India :
_bInternational Crops Research Institute Fot the Semi-Arid Tropics,
_c1992
300 _a48 p.
_b: ilus
590 _aBATCH-UPD
_b10
_c20130110
_lUCH01
_h0124
590 _aBATCH-UPD
_b10
_c20130110
_lUCH01
_h2302
590 _aCONVERSION
_b10
_c20130109
_lUCH01
_h1303
650 1 4 _aSorgo
_xPlagas.
_9108704
650 1 4 _aSorgo
_xVariedades resistentes a plagas.
_9108736
901 _aBK
942 _cLIBRO
949 _a633.17 S4
_bBC
_cLIBRO
_d33724000209029
_eLIBRO
_h81569
_i3596
_si
999 _c3421
_d3421